AO PRINCIPLES OF FRACTURE MANAGEMENT VOL.2. SPECIFIC FRACTURES (WITH CD) (Record no. 799163)

MARC details
000 -LEADER
fixed length control field 00435pam a2200157 a 4500
020 ## - INTERNATIONAL STANDARD BOOK NUMBER
International Standard Book Number 9783131174420
Terms of availability
041 ## - LANGUAGE CODE
Language code of original
082 ## - DEWEY DECIMAL CLASSIFICATION NUMBER
Classification number 617.3
Item number RUD/BUC
100 ## - MAIN ENTRY--PERSONAL NAME
Personal name RUEDI T.P., BUCKLEY R.E., MORAN C.G.
245 ## - TITLE STATEMENT
Title AO PRINCIPLES OF FRACTURE MANAGEMENT VOL.2. SPECIFIC FRACTURES (WITH CD)
Medium Textual Documents
250 ## - EDITION STATEMENT
Edition statement 2 ED.
260 ## - PUBLICATION, DISTRIBUTION, ETC.
Place of publication, distribution, etc. [s.l]:
Name of publisher, distributor, etc. THIEME,
Date of publication, distribution, etc. 2009.
300 ## - PHYSICAL DESCRIPTION
Extent 555:
Other physical details XXII;
Dimensions HB.
650 ## - SUBJECT ADDED ENTRY--TOPICAL TERM
Topical term or geographic name entry element ORTHO
930 ## - EQUIVALENCE OR CROSS-REFERENCE-UNIFORM TITLE HEADING [LOCAL, CANADA]
Uniform title 4635
Holdings
Withdrawn status Lost status Damaged status Not for loan Collection Home library Current library Date acquired Source of acquisition Cost, normal purchase price Total Checkouts Full call number Barcode Date last seen Copy number Price effective from Koha item type
          Medical College & Hospital, Sangli Medical College & Hospital, Sangli 22/07/2011 B.M.S.G.B.PUNE 14002.50   617.3 RUD/BUC MCS-9529 26/07/2023 1 26/07/2023 Book